Регионална библиотека "Любен Каравелов" - Русе

Втори подготвителен славянски събор в София, 1910 г. (Запис номер 129821)

MARC детайли
000 -Лидер
Контролно поле с фиксирана дължина 02305nam a2200481 a 4500
003 - Код на организацията, давaща контролен номер
Контролно поле BLK
005 - Дата и час на последна редакция
Контролно поле 20241011155803.0
008 - Елементи от данни с фиксирана дължина
fixed length control field 180409b bul|||||r ||||||| ||bul||
010 ## - Наследен системен номер
LC control number KNG00135566000
040 ## - Източник на каталожния запис
Идентификатор на билиотеката - собственик на записа BLK
041 ## - Код за език
Код за езика на текст/звукозапис или на отделно заглавие Български
Код за езика КДБФ Български
072 #7 - Код за тематичната категория
Код организация bullib
Код за тематична категория А
Текст Фонд Михаил Арнаудов
080 ## - УДК
Текстов определител УДК Организации, дружества и движения за развитие на науката и културата и разпространение на научни знания. Научна общественост
УДК код - определител по УДК 061.22
УДК определител (=81)(063)
УДК - код + определител 061.22(=81)(063)
080 ## - УДК
Текстов определител УДК Движения за обединяване на езикова, расова, религиозна, географска и др. основа. Вж и 323.1
УДК код - определител по УДК 327.39
УДК определител (=81)(063)
УДК - код + определител 327.39(=81)(063)
139 ## - Редно поле
Редна дума Втори подготвителен славянски събор в София 1910 г.
Авторски знак Вс - В 88
245 10 - Сведения за заглавието
Заглавие Втори подготвителен славянски събор в София, 1910 г.
Подзаглавни данни Материали
257 ## - Страна на издаване
Страна на създаване/издаване България
260 ## - Област на издателските данни
Място на издаване, разпространение и проч. София
Име на издателя, разпространителя и проч. Слав. благотвор. д-во в България
Година на издаване 1911
Печатница София : печ. П. М. Бъзайтов
300 ## - Физическа характеристика
Страници 257 с., 26 л.
Илюстрации и др. ил.
Размери/Мащаб 23 см
380 ## - Жанр
Жанр Общ отдел
490 ## - СЕРИИ (Колекции)
9 (RLIN) 396381
Име на серия Частна колекция - Академик Михаил Арнаудов
Бележки за серията Дарение - Основен фонд
500 ## - Общи забележки
Забележка Фонд Михаил Арнаудов - мека подв.
650 #4 - Допълнително описание по предмет – тема
Основно описание – тема или топоним Славянски народи - взаимоотношения
9 (RLIN) 319858
650 #4 - Допълнително описание по предмет – тема
Основно описание – тема или топоним Славянско движение - България
9 (RLIN) 321882
650 #4 - Допълнително описание по предмет – тема
Основно описание – тема или топоним Славянство
9 (RLIN) 171149
651 #4 - Допълнително описание по предмет - топоним
Географско понятие България
9 (RLIN) 241624
651 #4 - Допълнително описание по предмет - топоним
Географско понятие София
9 (RLIN) 179576
653 ## - Ключова дума – ненормативна
Ключова дума славянство
653 ## - Ключова дума – ненормативна
Ключова дума славянски народи
659 ## - Тематичен бюлетин
Тематичен бюлетин А
852 ## - Местоположение
Форматна сигнатура Цб 0.215.31341
Фондова буква Хранилище
852 ## - Местоположение
Форматна сигнатура МА 2865
852 ## - Местоположение
Форматна сигнатура Цб 3.230.16926
Фондова буква Основен фонд - ползва се само за читалня
856 4# - Електронен адрес и достъп
Електронен формат pdf - файл
856 4# - Електронен адрес и достъп
Електронен формат pdf - файл
999 ## - СИСТЕМНИ КОНТРОЛНИ НОМЕРА
Koha biblionumber 129821
Koha biblioitemnumber 129821
942 ## - АРТИКУЛИ
Вид на библиотечния материал Книги
Скрит в OPAC Не
Периодичен библиозапис Да
Koha issues (borrowed), all copies 1
944 ## - СЪЗДАВАНЕ И РЕДАКЦИЯ на ЗАПИСА
Създаване/Редакция Създаване
Дата на регистрацията/редакция 26.10.2012
Статус, дата на статуса Христина Везирева
Служител, извършил регистрацията/редакцията 30535
944 ## - СЪЗДАВАНЕ И РЕДАКЦИЯ на ЗАПИСА
Създаване/Редакция Редакция
Дата на регистрацията/редакция 2021-03-10
Служител, извършил регистрацията/редакцията ГГГ
944 ## - СЪЗДАВАНЕ И РЕДАКЦИЯ на ЗАПИСА
Създаване/Редакция Редакция
Дата на регистрацията/редакция 2021-04-02
Служител, извършил регистрацията/редакцията ВК
999 ## - СИСТЕМНИ КОНТРОЛНИ НОМЕРА
Koha biblioitemnumber 129821
999 ## - СИСТЕМНИ КОНТРОЛНИ НОМЕРА
Koha biblioitemnumber 129821
999 ## - СИСТЕМНИ КОНТРОЛНИ НОМЕРА
Koha biblioitemnumber 129821
Наличности
Код за отписване Код за изгубен артикул Източник на класификационната схема Код за повреда Коз за рестрикции Код за отдаване Артикулен № Име на библиотеката - собственик Име на библиотеката, в която се намира в момента Статус (Текущо местоположение) Дата на вписване в системата Местоположение - отдел Цена в лева Инвентарен номер Систематично азбучна сигнатура Баркод Номер на екземпляра Цена в евро Служебна бележка Служебен тип на артикула
  Не е изгубен Universal Decimal Classification Не е повреден само за читалня ползва се в читалня 211077 Регионална библиотека "Любен Каравелов" Русе Регионална библиотека "Любен Каравелов" Русе Хранилище 1911-01-01 Основен фонд - ползва се само за читалня 0.24 31341 Цб 0.215.31341 900000038751 1 0.12 N: стар фонд Дата: 01.01.1911 Дата инв: 01.04.2015 Бележки инв: О2015 Книги
  Не е изгубен Universal Decimal Classification Не е повреден само за читалня Специални фондове ( старопечатни, редки и ценни, фонд М. Арнаудов) 211078 Регионална библиотека "Любен Каравелов" Русе Регионална библиотека "Любен Каравелов" Русе Фонд "Михаил Арнаудов" 1973-01-01 Фонд "Михаил Арнаудов" 3.00 590516 МА 2865 120000590516 2 1.53 Дост: DA Вид: А N: стар фонд Дата: 01.01.1973 Книги
  Не е изгубен Universal Decimal Classification Не е повреден само за читалня ползва се в читалня 821317 Регионална библиотека "Любен Каравелов" Русе Регионална библиотека "Любен Каравелов" Русе Хранилище 2021-04-09 Основен фонд - ползва се само за читалня 0.21 16926 Цб 3.230.16926 900000045508   0.11   Книги
Vip Innovations Ltd, Rousse, Bulgaria 2025